000 00313nam a2200109 a 4500
005 20140408090012.0
008 021114s19uu xx 00 eng d
050 _aPGS '99
_bAGU #2
100 _aAguilar, Don Marc
245 _aThe Prospects of Filipino indigenous crafts in the local trade industry.
942 _cPASS
999 _c96166
_d96166